| 000 | 01395nmm a2200421 a 4500 | ||
|---|---|---|---|
| 003 | AR-BaBNM | ||
| 005 | 20251128211750.0 | ||
| 008 | 226020sc200 ||||||||||||||000 | spa|| | ||
| 020 | _a84-205-4407-8 | ||
| 040 | _cAR-BaBNM | ||
| 245 | 1 | 0 |
_aEstrategias y técnicas de estudio _bcómo aprender a estudiar estratégicamente |
| 260 |
_aMadrid _bPearson-Prentice Hall _cc2005 |
||
| 300 | 1 |
_axv, 219 p. _bgráfs., tablas |
|
| 504 | _aContiene referencias bibliográficas | ||
| 650 | 4 | _aMETODOS DE ESTUDIO | |
| 650 | 4 | _aPROCESO DE LECTURA | |
| 650 | 4 | _aMOTIVACION DEL ALUMNO | |
| 650 | 4 | _aAUTODISCIPLINA | |
| 650 | 4 | _aAUTOAPRENDIZAJE | |
| 653 | 0 | _aCOMPRENSION LECTORA | |
| 653 | 0 | _aPRODUCCION DE TEXTOS | |
| 700 | 1 |
_aGonzález Cabanach, Ramón _ecoordinador |
|
| 700 | 1 |
_aGonzález-Pienda, Julio Antonio _ecoordinador |
|
| 700 | 1 |
_aRodríguez Martínez, Susana _ecoordinador |
|
| 700 | 1 |
_aNúñez Pérez, José Carlos _ecoordinador |
|
| 700 | 1 |
_aValle Arias, Antonio _ecoordinador |
|
| 700 | 1 | _aVieiro Iglesias, Pilar | |
| 700 | 1 | _aGarcía Gerpe, María | |
| 700 | 1 | _aGonzález Seijas, Rosa María | |
| 700 | 1 | _aAlvarez Pérez, Luis | |
| 700 | 1 | _aGonzález-Pumariega Solis, Soledad | |
| 700 | 1 | _aRoces Montero, Cristina | |
| 700 | 1 | _aGonzález Castro, Paloma | |
| 700 | 1 | _aSolano Pizarro, Paula | |
| 700 | 1 | _aRosário, Pedro | |
| 942 | _cBK | ||
| 998 | _cme-solo cat | ||
| 999 |
_c21016 _d21016 |
||